000 00654nam a2200289Ia 4500
005 20260324130206.0
008 008 260324s9999 xx 000 0 eng d
020 _a9781003420231
037 _aEBOOK
040 _aCRL
040 _beng
040 _cCRL
041 _2eng
041 _aeng
084 _qCRL
100 _aDana Allin
_91180851
245 0 _aSurvival 49.3
245 0 _bSurvival 49.3 Autumn 2007
260 _bTaylor and Francis
260 _c2008
365 _a
365 _b265
856 _uhttp://www.taylorfrancis.com/books/9781003420231
942 _cEBOOK
999 _c1776811
_d1776811